logo

Bir Sreshtho Munshi Abdur Rouf Library
Jhenaidah Cadet College

Essentials of Physical Chemistry / (Record no. 8892)

MARC details
000 -LEADER
fixed length control field 00685nam a2200253 a 4500
001 - CONTROL NUMBER
JCCL Control Number 8892
003 - CONTROL NUMBER IDENTIFIER
JCCL marc code BD-JhCC
005 - DATE AND TIME OF LATEST TRANSACTION
control field 20210923134021.0
008 - FIXED-LENGTH DATA ELEMENTS--GENERAL INFORMATION
fixed length control field 171217s1943 bg a|||| ||aa 000 0 eng d
020 ## - INTERNATIONAL STANDARD BOOK NUMBER
International Standard Book Number 812190546X
035 ## - SYSTEM CONTROL NUMBER
system control number (BD-JhCC)8892
040 ## - CATALOGING SOURCE
Original cataloging agency BD-JhCC
Modifying agency BD-JhCC
041 ## - LANGUAGE CODE
Language code of Book eng
082 ## - DEWEY DECIMAL CLASSIFICATION NUMBER
Classification number 541.3
Author mark and Year BAH 1943
100 ## - MAIN ENTRY--PERSONAL NAME
Personal name B.S. Bahl
245 ## - TITLE STATEMENT
Title Essentials of Physical Chemistry /
Statement of responsibility, etc B.S. Bahl; Arun Bahl; G.D. Tuli
260 ## - PUBLICATION, DISTRIBUTION, ETC. (IMPRINT)
Place of publication, distribution, etc Delhi :
Name of publisher, distributor, etc S, Chand & Company Ltd,
Date of publication, distribution, etc 1943.
300 ## - PHYSICAL DESCRIPTION
Pagination 1040 p. :
Dimensions 23 cm.
650 ## - SUBJECT ADDED ENTRY--TOPICAL TERM
Topical term or geographic name as entry element Chemistry, Physical and Theoretical
700 ## - ADDED ENTRY--PERSONAL NAME
Personal name Bahl, Arun
700 ## - ADDED ENTRY--PERSONAL NAME
Personal name Tuli, G.D.
942 ## - ADDED ENTRY ELEMENTS (KOHA)
Source of classification or shelving scheme Dewey Decimal Classification
Koha item type Books
Koha issues (borrowed), all copies 2
Holdings
Source of classification or shelving scheme Damaged status Not for loan Home library Current library Shelving location Date of accession Total Checkouts Full call number Barcode Date last seen Date checked out Copy number Koha item type Cost, normal purchase price
Dewey Decimal Classification     JCC Rouf Library JCC Rouf Library General Stacks 03/05/2018 1 541.3 BAH 1943 11572 10/23/2021 09/23/2021 C-1 Books  
Dewey Decimal Classification     JCC Rouf Library JCC Rouf Library General Stacks 04/07/2019 1 541.3 BAH 1943 14665 09/23/2021 09/23/2021 C-2 Books 550.00

JCC Library | Contacts | JCC Home

Last Update on 23 September 2017
Copyright @ 2017-2020 JCC Rouf Library
Rouf Library, Jhenidah Cadet College (JCC), Bangladesh